LEADER 01573nas 2200469-a 450 001 996212237403316 005 20240413021514.0 011 $a1839-2466 035 $a(CKB)962824972172 035 $a(CONSER)---89650947- 035 $a(EXLCZ)99962824972172 100 $a19891027a19889999 --- - 101 0 $aeng 181 $ctxt$2rdacontent 182 $cc$2rdamedia 183 $acr$2rdacarrier 200 00$aAustralasian public libraries and information services 210 $a[Blackwood, S. Aust.] $c[Auslib Press]$d[1988]- 215 $a1 online resource 300 $aRefereed/Peer-reviewed 300 $aTitle from cover. 311 08$aPrint version: Australasian public libraries and information services. 1030-5033 (DLC) 89650947 (OCoLC)20557073 517 1 $aAplis 531 $aAPLIS 531 $aAUSTRALASIAN PUBLIC LIBRARIES & INFORMATION SERVICES 606 $aPublic libraries$zAustralasia$vPeriodicals 606 $aInformation services$zAustralasia$vPeriodicals 606 $aInformation services$2fast$3(OCoLC)fst00972696 606 $aPublic libraries$2fast$3(OCoLC)fst01082640 607 $aAustralasia$2fast 608 $aPeriodicals.$2fast 608 $aPeriodicals.$2lcgft 615 0$aPublic libraries 615 0$aInformation services 615 7$aInformation services. 615 7$aPublic libraries. 676 $a027.494 906 $aJOURNAL 912 $a996212237403316 920 $aexl_impl conversion 996 $aAustralasian public libraries and information services$92015977 997 $aUNISA LEADER 01972oas 2200805 a 450 001 9910139822803321 005 20251105213014.0 011 $a1573-8493 035 $a(DE-599)ZDB2037141-X 035 $a(DE-599)2037141-X 035 $a(OCoLC)48412598 035 $a(CONSER) 2008233360 035 $a(CKB)954928483249 035 $a(EXLCZ)99954928483249 100 $a20011113a19699999 sy a 101 0 $aeng 135 $aurmnu|||||||| 181 $ctxt$2rdacontent 182 $cc$2rdamedia 183 $acr$2rdacarrier 200 10$aFibre chemistry 210 $a[New York, N.Y.] $cSpringer 300 $aRefereed/Peer-reviewed 311 08$a0015-0541 531 0 $aFibre chem. 606 $aTextile fibers, Synthetic$vPeriodicals 606 $aChimie textile$vPe?riodiques 606 $aFibres textiles synthe?tiques$vPe?riodiques 606 $aTextile fibers, Synthetic$2fast$3(OCoLC)fst01148808 606 $aQuímica tèxtil$2thub 608 $aPeriodicals.$2fast 608 $aPeriodicals.$2lcgft 608 $aRevistes electròniques.$2thub 615 0$aTextile fibers, Synthetic 615 6$aChimie textile 615 6$aFibres textiles synthe?tiques 615 7$aTextile fibers, Synthetic. 615 7$aQuímica tèxtil. 676 $a677.02835 801 0$bF#A 801 1$bF#A 801 2$bOCLCQ 801 2$bOCL 801 2$bGUA 801 2$bNSD 801 2$bYUS 801 2$bQCL 801 2$bU9S 801 2$bOCLCQ 801 2$bOCLCF 801 2$bOCLCO 801 2$bOCLCQ 801 2$bWT2 801 2$bOCLCQ 801 2$bWYU 801 2$bUKMGB 801 2$bVT2 801 2$bNJT 801 2$bDLC 801 2$bUBY 801 2$bSFB 801 2$bOCLCQ 801 2$bUAB 801 2$bSXB 801 2$bOCLCL 801 2$bOCLCQ 906 $aJOURNAL 912 $a9910139822803321 996 $aFibre chemistry$92292495 997 $aUNINA